000 00472nam a2200193Ia 4500
003 GCL
008 140319s9999 xx 000 0 eng d
040 _aGCL /
_cGCL
082 0 4 _a759
_bM A
100 1 _aMESSADI, MAHMOUD
245 1 0 _aALY BEN SALEM :LE PEINTURE DE L'AMOUR /
_cMESSADI, MAHMOUD
260 _a[S.N] :
_bL'ORCL TEMPS
300 _a154 PP
650 0 4 _aARTS
650 0 4 _aPAINTING
650 0 4 _aPAINTERS
650 0 4 _aALI BEN SALEM
942 _2ddc
_cBK
999 _c18874
_d18874